[Event "GER-ch U12"]
[Site "Oberhof"]
[Date "2013.05.24"]
[Round "9"]
[White "Reif, Karla"]
[Black "Boese, Carolin"]
[Result "1-0"]
[WhiteElo "1165"]
[BlackElo "1263"]
[PlyCount "61"]
[EventDate "2013.05.19"]
[EventType "swiss"]
[EventRounds "11"]
[EventCountry "GER"]
[SourceTitle "CBM 154 Extra"]
[Source "ChessBase"]
[SourceDate "2013.06.25"]
[SourceVersion "2"]
[SourceVersionDate "2013.06.25"]
[SourceQuality "1"]

1. e4 e6 2. d4 d5 3. Nd2 Nf6 4. e5 Nfd7 5. Bd3 c5 6. c3 Nc6 7. Ne2 Qb6 8. Nf3 f6 9. exf6 Nxf6 10. b3 Bd7 11. 0-0 Bd6 12. Be3 Ne4 13. Rc1 0-0 14. Qc2 Nf6 15. Ng5 g6 16. Bf4 Qc7 17. Bxd6 Qxd6 18. h3 Kg7 19. f4 Nh5 20. g3 cxd4 21. cxd4 Rac8 22. Qb2 Nb4 23. Bb1 h6 24. Nf3 Bb5 25. Ne5 Bxe2 26. Qxe2 Nxg3 27. Qg2 Ne4 28. Qxg6+ Kh8 29. Qxh6+ Kg8 30. Qg6+ Kh8 31. Rxc8 1-0

[Event "GER-ch U12"]
[Site "Oberhof"]
[Date "2013.05.22"]
[Round "7"]
[White "Reif, Karla"]
[Black "Schulz, Theresa Charlotte"]
[Result "0-1"]
[WhiteElo "1165"]
[BlackElo "1306"]
[PlyCount "68"]
[EventDate "2013.05.19"]
[EventType "swiss"]
[EventRounds "11"]
[EventCountry "GER"]
[SourceTitle "CBM 154 Extra"]
[Source "ChessBase"]
[SourceDate "2013.06.25"]
[SourceVersion "2"]
[SourceVersionDate "2013.06.25"]
[SourceQuality "1"]

1. e4 c5 2. Nf3 Nc6 3. Nc3 g6 4. g3 Bg7 5. Bg2 d6 6. 0-0 Nf6 7. d4 cxd4 8. Nxd4 0-0 9. Be3 Ng4 10. Nxc6 bxc6 11. Qd2 Nxe3 12. Qxe3 Rb8 13. Rab1 Qa5 14. e5 Bxe5 15. Bxc6 Bb7 16. Bxb7 Rxb7 17. Qe4 Rbb8 18. Na4 Rb4 19. Qc6 Qxa4 20. Qf3 Rxb2 21. Rxb2 Bxb2 22. Qb7 Qxa2 23. Qxe7 Bg7 24. Qxd6 Qxc2 25. Qa6 Qc5 26. h4 Qb6 27. Qd3 a5 28. Rb1 Qd4 29. Qa3 Ra8 30. Rb7 Qd1+ 31. Kh2 Qe2 32. Kg1 Bd4 33. Qb3 Qxf2+ 34. Kh1 Qg1# 0-1

[Event "GER-ch U12"]
[Site "Oberhof"]
[Date "2013.05.21"]
[Round "5"]
[White "Reif, Karla"]
[Black "Arnhold, Steffi"]
[Result "0-1"]
[WhiteElo "1165"]
[BlackElo "1273"]
[PlyCount "98"]
[EventDate "2013.05.19"]
[EventType "swiss"]
[EventRounds "11"]
[EventCountry "GER"]
[SourceTitle "CBM 154 Extra"]
[Source "ChessBase"]
[SourceDate "2013.06.25"]
[SourceVersion "2"]
[SourceVersionDate "2013.06.25"]
[SourceQuality "1"]

1. e4 c5 2. Nf3 d6 3. Nc3 Nf6 4. g3 a6 5. Bg2 e6 6. 0-0 Be7 7. d3 Nc6 8. Be3 Qc7 9. Re1 0-0 10. Qd2 b5 11. h3 Bb7 12. Bh6 gxh6 13. Qxh6 Ne5 14. Ng5 Ng6 15. f4 Rab8 16. f5 exf5 17. exf5 Ne5 18. Bxb7 Qxb7 19. Ne2 Nf3+ 20. Nxf3 Qxf3 21. Qg5+ Kh8 22. Nf4 Rg8 23. Rf1 Qxf1+ 24. Rxf1 Rxg5 25. Kg2 Rgg8 26. Re1 Rbe8 27. g4 Bd8 28. Ne2 Nd5 29. Kf3 Re3+ 30. Kf2 Bh4+ 31. Kf1 Bxe1 32. Kxe1 Rge8 33. Kf2 Rxe2+ 34. Kg3 R8e3+ 35. Kh4 f6 36. g5 fxg5+ 37. Kxg5 Rg3+ 38. Kh4 Rg1 39. c4 Nf6 40. b3 Rh2 41. cxb5 axb5 42. a4 bxa4 43. bxa4 Nd7 44. a5 Nf8 45. a6 Ra2 46. d4 cxd4 47. f6 Rxa6 48. f7 Ra3 49. Kh5 Rxh3# 0-1

[Event "GER-ch U12"]
[Site "Oberhof"]
[Date "2013.05.20"]
[Round "3"]
[White "Reif, Karla"]
[Black "Groth, Kevin"]
[Result "0-1"]
[WhiteElo "1165"]
[BlackElo "1399"]
[PlyCount "64"]
[EventDate "2013.05.19"]
[EventType "swiss"]
[EventRounds "11"]
[EventCountry "GER"]
[SourceTitle "CBM 154 Extra"]
[Source "ChessBase"]
[SourceDate "2013.06.25"]
[SourceVersion "2"]
[SourceVersionDate "2013.06.25"]
[SourceQuality "1"]

1. e4 e5 2. Nf3 Nc6 3. Nc3 Nf6 4. Bb5 d6 5. d3 Bd7 6. Bg5 a6 7. Ba4 Be7 8. Bb3 Bg4 9. h3 Be6 10. Bxe6 fxe6 11. d4 exd4 12. Nxd4 Nxd4 13. Qxd4 h6 14. Bh4 e5 15. Qd3 g5 16. Bg3 Qd7 17. Nd5 Nxd5 18. Qxd5 0-0-0 19. 0-0-0 Rhg8 20. Qd3 Rdf8 21. Qe3 Qc6 22. Rd3 Kb8 23. Rc3 Qd7 24. f3 g4 25. Bf2 Bg5 26. Qxg5 hxg5 27. hxg4 Rh8 28. Rd1 Qb5 29. Be3 Rfg8 30. Rb3 Qe2 31. Rd2 Rh1+ 32. Rd1 Qxd1# 0-1